[Event "Prague Menchik Memorial rapid"]
[Site "Prague"]
[Date "2019.06.09"]
[Round "3"]
[White "Zpevak, Pavel"]
[Black "Navratil, Jiri"]
[Result "1-0"]
[WhiteElo "2343"]
[BlackElo "1985"]
[PlyCount "39"]
[EventDate "2019.06.09"]
[EventType "swiss (rapid)"]
[EventRounds "9"]
[EventCountry "CSR"]
[SourceTitle "CBM 190 Extra"]
[Source "ChessBase"]
[SourceDate "2019.07.15"]
[SourceVersion "1"]
[SourceVersionDate "2019.07.15"]
[SourceQuality "1"]

1. d4 d5 2. c4 e6 3. Nf3 Nf6 4. g3 Be7 5. Bg2 0-0 6. 0-0 c6 7. Qc2 Nbd7 8. Nbd2 Re8 9. e4 dxe4 10. Nxe4 Nxe4 11. Qxe4 Nf6 12. Qe2 Bf8 13. Rd1 Qa5 14. Bg5 Qf5 15. a3 h6 16. Bf4 Qh5 17. Qc2 g5 18. Be5 Ng4 19. h3 Nxe5 20. Nxe5 1-0

[Event "Klatovy op"]
[Site "Klatovy"]
[Date "2014.06.30"]
[Round "3"]
[White "Navratil, Jiri"]
[Black "Marsalek, Zdenek"]
[Result "1-0"]
[WhiteElo "2087"]
[BlackElo "2267"]
[PlyCount "95"]
[EventDate "2014.06.28"]
[EventType "swiss"]
[EventRounds "9"]
[EventCountry "CZE"]
[SourceTitle "CBM 161 Extra"]
[Source "ChessBase"]
[SourceDate "2014.08.29"]
[SourceVersion "1"]
[SourceVersionDate "2014.08.29"]
[SourceQuality "1"]

1. d4 d5 2. Nf3 Nf6 3. Bf4 c5 4. dxc5 Qa5+ 5. c3 Qxc5 6. Nbd2 Nc6 7. Nb3 Qb6 8. e3 Bg4 9. Be2 e6 10. h3 Bh5 11. 0-0 Be7 12. Ne5 Bxe2 13. Qxe2 0-0 14. Rfd1 Rac8 15. Nd4 Nxe5 16. Bxe5 Nd7 17. Bg3 Bf6 18. a4 Rc4 19. a5 Qa6 20. Nc2 Qc6 21. a6 b6 22. Na3 Rc5 23. e4 b5 24. exd5 exd5 25. f3 Qxa6 26. Bf2 d4 27. Nc2 Qb7 28. Bxd4 Bxd4+ 29. Rxd4 Nb6 30. Nb4 Qc7 31. Na6 Re5 32. Nxc7 Rxe2 33. b4 Nc4 34. Nxb5 Ne3 35. Re4 f5 36. Re7 f4 37. Kh1 Rc2 38. Rexa7 h5 39. R7a2 Rd8 40. Rxc2 Nxc2 41. Rb1 Ne3 42. Nd4 Nd5 43. Ne2 Re8 44. Rb2 Ra8 45. Rb1 Ra2 46. c4 Nxb4 47. Nxf4 Nc6 48. Rc1 1-0

[Event "Hradec Kralove op"]
[Site "Hradec Kralove"]
[Date "2013.05.15"]
[Round "1"]
[White "Von Keyserlingk, Chanda"]
[Black "Navratil, Jiri"]
[Result "0-1"]
[WhiteElo "1734"]
[BlackElo "2083"]
[PlyCount "72"]
[EventDate "2013.05.15"]
[EventType "swiss"]
[EventRounds "9"]
[EventCountry "CZE"]
[SourceTitle "CBM 154 Extra"]
[Source "ChessBase"]
[SourceDate "2013.06.25"]
[SourceVersion "2"]
[SourceVersionDate "2013.06.25"]
[SourceQuality "1"]

1. d4 d5 2. c4 e6 3. Nc3 Be7 4. Bf4 Nf6 5. e3 0-0 6. Bd3 dxc4 7. Bxc4 Nd5 8. Bg3 Nxc3 9. bxc3 c5 10. Ne2 cxd4 11. exd4 Nc6 12. 0-0 Bf6 13. Qc2 b6 14. Rad1 Na5 15. Bd3 g6 16. Rfe1 Bb7 17. Nf4 Rc8 18. Ne2 Qd5 19. Nf4 Qc6 20. c4 Nxc4 21. Be4 Qd7 22. Qb3 Bxe4 23. Rxe4 Nd6 24. Re5 Nf5 25. Rxf5 exf5 26. Nd5 Bg7 27. Bh4 Rfe8 28. Nf6+ Bxf6 29. Bxf6 Re6 30. Bg5 Rce8 31. Bd2 Qxd4 32. Be3 Rxe3 33. fxe3 Qxe3+ 34. Qxe3 Rxe3 35. Rd8+ Kg7 36. Rd7 Ra3 0-1

[Event "CZE-ch U16"]
[Site "Kouty nad Desnou"]
[Date "2013.03.15"]
[Round "8"]
[White "Cap, Adam"]
[Black "Navratil, Jiri"]
[Result "1/2-1/2"]
[WhiteElo "2032"]
[BlackElo "2074"]
[PlyCount "85"]
[EventDate "2013.03.09"]
[EventType "swiss"]
[EventRounds "9"]
[EventCountry "CZE"]
[SourceTitle "EXT 2015"]
[Source "ChessBase"]
[SourceDate "2014.11.20"]
[SourceVersion "1"]
[SourceVersionDate "2014.11.20"]
[SourceQuality "1"]

1. e4 c5 2. Nf3 d6 3. d4 cxd4 4. Nxd4 Nf6 5. Nc3 a6 6. Be3 e5 7. Nb3 Be6 8. f3 Be7 9. Qd2 0-0 10. Be2 Nbd7 11. a4 Rc8 12. 0-0 Qc7 13. a5 Nc5 14. Nxc5 dxc5 15. Na4 Rfd8 16. Qe1 Nd7 17. c4 f5 18. Qc3 Nf6 19. Nb6 Rb8 20. Qc2 f4 21. Bf2 Bd6 22. Rfd1 Qf7 23. Rd2 Qf8 24. Qc3 Nd7 25. Na4 Rbc8 26. Rad1 Nb8 27. Nb6 Rc7 28. Bh4 Rdd7 29. Nxd7 Rxd7 30. Bf2 Nc6 31. Kh1 Nd4 32. Bf1 Rf7 33. Qd3 Rf6 34. b4 Rh6 35. bxc5 Bxc5 36. Rb1 Qf7 37. Rdb2 Bc8 38. Qd1 Qh5 39. h3 Qf7 40. Rd2 Qf6 41. Qa4 Qe7 42. Rbd1 Rd6 43. Qa2 1/2-1/2

[Event "CZE-ch U16"]
[Site "Kouty nad Desnou"]
[Date "2013.03.14"]
[Round "7"]
[White "Navratil, Jiri"]
[Black "Kubik, Michael"]
[Result "1/2-1/2"]
[WhiteElo "2074"]
[BlackElo "2152"]
[PlyCount "84"]
[EventDate "2013.03.09"]
[EventType "swiss"]
[EventRounds "9"]
[EventCountry "CZE"]
[SourceTitle "EXT 2015"]
[Source "ChessBase"]
[SourceDate "2014.11.20"]
[SourceVersion "1"]
[SourceVersionDate "2014.11.20"]
[SourceQuality "1"]

1. e4 c5 2. Nf3 Nc6 3. d4 cxd4 4. Nxd4 e5 5. Nb5 d6 6. c4 Be7 7. N1c3 a6 8. Na3 Be6 9. Be2 Nd4 10. 0-0 Nf6 11. Nc2 Nxe2+ 12. Qxe2 Rc8 13. Ne3 Qc7 14. Ncd5 Nxd5 15. cxd5 Bd7 16. Bd2 0-0 17. Rfc1 Qb8 18. Qh5 Rxc1+ 19. Rxc1 Rc8 20. Qd1 Bg5 21. Rc2 g6 22. Qc1 Rxc2 23. Qxc2 b5 24. Ba5 Bd8 25. Bd2 Qb6 26. h3 h5 27. a3 a5 28. Qc3 Qa7 29. Nf1 Bb6 30. Qf3 Bd8 31. Ng3 h4 32. Nf1 Qd4 33. Bc3 Qc4 34. Ne3 Qd3 35. Kh2 Bg5 36. Bxa5 Bf4+ 37. Kg1 Qb1+ 38. Qd1 Qxe4 39. Qc2 Qxc2 40. Nxc2 Bf5 41. Ne3 Bd7 42. Bd8 Kf8 1/2-1/2

[Event "Donau op 21st"]
[Site "Aschach"]
[Date "2012.12.30"]
[Round "6"]
[White "Wacker, Peter"]
[Black "Navratil, Jiri"]
[Result "1-0"]
[WhiteElo "2300"]
[BlackElo "2094"]
[PlyCount "129"]
[EventDate "2012.12.26"]
[EventType "swiss"]
[EventRounds "7"]
[EventCountry "AUT"]
[SourceTitle "CBM 152 Extra"]
[Source "ChessBase"]
[SourceDate "2013.02.25"]
[SourceVersion "1"]
[SourceVersionDate "2013.02.25"]
[SourceQuality "1"]

1. e4 c5 2. c3 d5 3. exd5 Qxd5 4. d4 e5 5. Nf3 Nc6 6. Nxe5 Nxe5 7. dxe5 Qxe5+ 8. Be3 Bd7 9. Qb3 Bc6 10. Bb5 Qc7 11. Nd2 Nf6 12. 0-0-0 Be7 13. Qa4 Bxb5 14. Qxb5+ Nd7 15. g3 a6 16. Qe2 0-0 17. Bf4 Bd6 18. Bxd6 Qxd6 19. Nc4 Qc6 20. Rhe1 b5 21. Nd6 Nb6 22. Nf5 Qf6 23. Qe5 Qxe5 24. Rxe5 c4 25. Rd6 Na4 26. Kc2 Rfd8 27. Rc6 g6 28. Nd6 Rd7 29. b3 Rad8 30. Ne4 Kg7 31. g4 f6 32. Rxf6 Rd2+ 33. Nxd2 Kxf6 34. f4 Nb6 35. Ne4+ Kf7 36. Ng5+ Kg8 37. Ne4 Kf7 38. Ng5+ Kg8 39. Re6 Nd5 40. bxc4 bxc4 41. Rxa6 Nxf4 42. Ne6 Nxe6 43. Rxe6 Ra8 44. Kb2 Rb8+ 45. Ka1 Rf8 46. Re2 Rf4 47. Rg2 Kf7 48. Kb2 Ke6 49. Ka3 Kd5 50. Kb4 Ke4 51. a4 Kd5 52. Rd2+ Kc6 53. Rd4 Rf2 54. Rxc4+ Kb6 55. h4 Rb2+ 56. Ka3 Rh2 57. g5 Ka5 58. Kb3 Kb6 59. Rf4 Kc5 60. Rb4 Rh1 61. a5 Kc6 62. a6 Rb1+ 63. Ka2 Rf1 64. a7 Rf8 65. Rb8 1-0

[Event "CZE-chT1E 1213"]
[Site "Czech Republic"]
[Date "2012.11.10"]
[Round "3.8"]
[White "Navratil, Jiri"]
[Black "Mojzis, Jaroslav"]
[Result "1-0"]
[WhiteElo "2057"]
[BlackElo "2163"]
[PlyCount "37"]
[EventDate "2012.10.21"]
[EventType "team-tourn"]
[EventRounds "11"]
[EventCountry "CZE"]
[SourceTitle "EXT 2014"]
[Source "ChessBase"]
[SourceDate "2013.11.20"]
[SourceVersion "1"]
[SourceVersionDate "2013.11.20"]
[SourceQuality "1"]
[WhiteTeam "Litovel II"]
[BlackTeam "Polabiny II"]
[WhiteTeamCountry "CZE"]
[BlackTeamCountry "CZE"]

1. e4 c5 2. Nf3 Nf6 3. e5 Nd5 4. Nc3 Nxc3 5. bxc3 d6 6. d4 cxd4 7. cxd4 Nc6 8. exd6 e6 9. Bd3 Bxd6 10. 0-0 Be7 11. c3 0-0 12. Re1 b6 13. Ne5 Nxe5 14. Rxe5 Bb7 15. Qh5 g6 16. Qh6 Bf6 17. Rh5 Re8 18. Qxh7+ Kf8 19. Bxg6 1-0

[Event "SVK-ch op-A"]
[Site "Banska Stiavnica"]
[Date "2012.07.07"]
[Round "1"]
[White "Ftacnik, Lubomir"]
[Black "Navratil, Jiri"]
[Result "1-0"]
[WhiteElo "2516"]
[BlackElo "2127"]
[PlyCount "49"]
[EventDate "2012.07.07"]
[EventType "swiss"]
[EventRounds "9"]
[EventCountry "SVK"]
[SourceTitle "CBM 149 Extra"]
[Source "ChessBase"]
[SourceDate "2012.08.24"]
[SourceVersion "1"]
[SourceVersionDate "2012.08.24"]
[SourceQuality "1"]

1. Nf3 d5 2. d4 c6 3. c4 Nf6 4. e3 Qc7 5. Nc3 Bg4 6. h3 Bxf3 7. Qxf3 e6 8. Bd2 Nbd7 9. Rc1 dxc4 10. Bxc4 Nb6 11. Bb3 Rd8 12. 0-0 Qb8 13. Ne2 Be7 14. e4 e5 15. Bc3 exd4 16. Nxd4 Nbd7 17. Nf5 Rg8 18. e5 Nd5 19. Bxd5 cxd5 20. Nxe7 Kxe7 21. Bb4+ Ke6 22. Qg4+ f5 23. exf6+ Kxf6 24. Bc3+ Kf7 25. Qh5+ 1-0